Using games & simulations in the classroom /

Bibliographic Details
Main Author: Ellington, Henry
Other Authors: Gordon, Monica, Fowlie, Joannie
Format: Book
Language:English
Published: London : Kogan Page, 1998.
Subjects:

MARC

Tag First Indicator Second Indicator Subfields
LEADER 00000cam a2200000 a 4500
001 in00001443021
005 20151020110037.0
008 980826s1998 enka b 001 0 eng d
020 |a 0749425660 
035 |a (OCoLC)39748699 
035 |9 AJB4448AM 
040 |a INT  |c INT  |d TXA  |d UtOrBLW 
049 |a TXAM 
090 |a LB1029.G3  |b E45 1998 
100 1 |a Ellington, Henry. 
245 1 0 |a Using games & simulations in the classroom /  |c Henry Ellington, Monica Gordon, Joannie Fowlie. 
246 3 |a Using games and simulations in the classroom 
264 1 |a London :  |b Kogan Page,  |c 1998. 
300 |a xiii, 159 pages :  |b illustrations ;  |c 25 cm. 
336 |a text  |b txt  |2 rdacontent 
337 |a unmediated  |b n  |2 rdamedia 
338 |a volume  |b nc  |2 rdacarrier 
504 |a Includes bibliographical references (pages [149]-151) and index. 
650 0 |a Educational games. 
650 0 |a Simulation games in education. 
650 0 |a Education  |x Simulation methods. 
700 1 |a Gordon, Monica. 
700 1 |a Fowlie, Joannie. 
948 |a c:ce 
999 |a MARS 
999 f f |s 5be2c5c2-bffd-324d-b234-bf1f0483ccfa  |i f6d94d19-9c29-3285-b2b6-be4b064b5b74  |t 0 
952 f f |p normal  |a Texas A&M University  |b College Station  |c Sterling C. Evans Library  |d Evans: Library Stacks  |t 0  |e LB1029.G3 E45 1998  |h Library of Congress classification  |i unmediated -- volume  |m A14823577057 
998 f f |a LB1029.G3 E45 1998  |t 0  |l Evans: Library Stacks